Movies Quiz

Random Movies or Director Quiz

Sylvester Stallone's Directors Quiz Stats

 Plays Quiz not verified by Sporcle

Challenge
Share
Tweet
Embed
Score 0/5 Timer 04:00
0 Plays Today
Last Word of Film Titles The Director % Correct
Alley II III Alive* IV Balboa Rambo ExpendablesSylvester Stallone
100%
Rocky VJohn G. Avildsen
74.5%
Cliffhanger DrivenRenny Harlin
43.6%
II CobraGeorge P. Cosmatos
32.7%
2000 Carquake*Paul Bartel
18.2%

You're not logged in!

Compare scores with friends on all Sporcle quizzes.
Join for Free
OR
Log In

You Might Also Like...

Show Comments

Extras

Top Quizzes Today


Score Distribution

Your Account Isn't Verified!

In order to create a playlist on Sporcle, you need to verify the email address you used during registration. Go to your Sporcle Settings to finish the process.

Report this User

Report this user for behavior that violates our Community Guidelines.

Details: